000 00364nam a2200145Ia 4500
008 150201s2003 xx 000 0 und d
082 _a617.6
_bO2003F
100 _aFOSTER,T.D.
245 2 _aA TEXTBOOK OF ORTHODONTICS
250 _a3RD
260 _bBLACKWELL SCIENCE PUB.
_aOXFORD (LONDON)
_c2003
300 _a1-350
650 _aORTHODONTICS
942 _2ddc
_cBK
999 _c2919
_d2919